Paliva a jejich použití /

Gespeichert in:
Bibliographische Detailangaben
1. Verfasser: Landa, Stanislav 1898-1981
Format: Buch
Sprache:Tschechisch
Veröffentlicht: Praha : SNTL - Státní nakladatelství technické literatury, 1956
Ausgabe:2., rozšíř. vyd.
Schriftenreihe:Řada chemické lit
Online-Zugang: Volltext
Tags: Tag hinzufügen
Keine Tags, Fügen Sie den ersten Tag hinzu!

MARC

LEADER 00000nam a2200000 4500
003 SK-BrCVT
005 20220621161409.0
008 050302s1956 cs e ||||||cze d
035 |a CVTIDW0975598 
040 |b slo  |a CVTI SR 
041 0 |a cze 
044 |a cs 
080 |a 662.6/.9  |2 UDC-MRF 
100 1 |a Landa, Stanislav  |d 1898-1981, 
245 1 0 |a Paliva a jejich použití /  |c Stanislav Landa 
250 |a 2., rozšíř. vyd. 
260 |a Praha :  |b SNTL - Státní nakladatelství technické literatury,  |c 1956 
300 |a 362 s., príl. 
490 0 |a Řada chemické lit 
760 1 |t Řada chemické literatury 
910 |b A039329  |b A039332  |b A039334  |b A039330 odpis  |b A039331 odpis  |b A039333 odpis 
974 |f Knihy 
992 |a AMG 
999 |c 141755  |d 141755